000 00760cam a22002533a 4500
001 764
003 PGUSA
005 20140828082952.0
008 961201s1996||||xxu|||||s|||||000 1 eng d
040 _aPGUSA
_beng
042 _adc
050 4 _aPZ
100 1 _aDodge, Mary Mapes,
_d1830-1905
245 1 0 _aHans Brinker; Or, The Silver Skates
_h[electronic resource] /
_cMary Mapes Dodge
260 _bProject Gutenberg,
_c1996
506 _aPublic domain in the USA.
516 _aElectronic text
653 _aBrothers and sisters -- Juvenile fiction
653 _aSkating -- Juvenile fiction
653 _aNetherlands -- History -- 19th century
830 0 _aProject Gutenberg
_v764
856 4 0 _uhttp://www.gutenberg.org/ebooks/764
942 _cEB
999 _c230115
_d230115